000
00183 a2200097 4500
020
_a
9788499512433
041
_a
spa
100
_a
Disney
245
_a
Oso Agente especial
942
_c
BK
999
_c
15848
_d
15848